[Event "SUI-ch U16"]
[Site "Biel"]
[Date "2022.07.18"]
[Round "2"]
[White "Kostov, Kiril"]
[Black "Doetsch Thaler, Nicos"]
[Result "1-0"]
[WhiteElo "2010"]
[BlackElo "1837"]
[PlyCount "135"]
[EventDate "2022.07.18"]
[EventType "swiss"]
[EventRounds "7"]
[EventCountry "SUI"]
[SourceTitle "EXT 2023"]
[Source "ChessBase"]
[SourceDate "2022.10.05"]
[SourceVersion "1"]
[SourceVersionDate "2022.10.05"]
[SourceQuality "1"]

1. e4 c5 2. Nf3 e6 3. d4 cxd4 4. Nxd4 Nc6 5. Nc3 Qc7 6. Be2 a6 7. Be3 Nf6 8. a3 b5 9. 0-0 Be7 10. Kh1 Bb7 11. f4 0-0 12. e5 Ne8 13. Bf3 d6 14. exd6 Nxd6 15. Qe2 Bf6 16. Rad1 Rad8 17. Na2 Ne7 18. Nb4 a5 19. Na2 Nd5 20. c3 Qc4 21. Qxc4 Nxc4 22. Bc1 Ba6 23. Rfe1 Ne7 24. Nb3 Nf5 25. Nc5 Bc8 26. b3 Nb6 27. g4 Be7 28. Nd3 Nd6 29. Ne5 Bf6 30. Be3 Nd5 31. Nc6 Rd7 32. Ne5 Bxe5 33. fxe5 Nb7 34. c4 bxc4 35. bxc4 Nxe3 36. Rxd7 Bxd7 37. Rxe3 Nc5 38. Re1 Rb8 39. Nc1 Kf8 40. Kg2 Rb2+ 41. Re2 Rb1 42. Re1 Ra1 43. Nd3 Ra2+ 44. Re2 Rxe2+ 45. Bxe2 Nxd3 46. Bxd3 Ke7 47. Kf3 h6 48. Ke3 Bc6 49. Be2 Kd7 50. Kd4 Kc7 51. Kc5 f5 52. gxf5 exf5 53. e6 g5 54. Bh5 f4 55. e7 g4 56. Bxg4 Be8 57. Kd5 h5 58. Bd1 h4 59. Ke5 Bf7 60. Kf6 Be8 61. Kg7 Kd6 62. Kf8 Bc6 63. e8Q Bxe8 64. Kxe8 Kc5 65. Be2 f3 66. Bf1 Kd4 67. Kd7 Ke3 68. c5 1-0

[Event "SUI-ch U10"]
[Site "Kreuzlingen"]
[Date "2016.07.03"]
[Round "7"]
[White "Zweifel, Gavin"]
[Black "Doetsch Thaler, Nicos"]
[Result "1-0"]
[WhiteElo "1573"]
[BlackElo "1460"]
[PlyCount "37"]
[EventDate "2016.06.30"]
[EventType "tourn"]
[EventRounds "7"]
[EventCountry "SUI"]
[SourceTitle "EXT 2017"]
[Source "ChessBase"]
[SourceDate "2016.10.25"]
[SourceVersion "1"]
[SourceVersionDate "2016.10.25"]
[SourceQuality "1"]

1. e4 e5 2. Nf3 Nc6 3. Bc4 Bc5 4. c3 Nf6 5. d4 exd4 6. e5 Ng8 7. cxd4 Bb4+ 8. Nc3 Nge7 9. a3 Ba5 10. d5 Nb8 11. d6 Ng6 12. 0-0 Nc6 13. Bg5 f6 14. Qd5 Ngxe5 15. Nxe5 Nxe5 16. Rfe1 Rf8 17. Rxe5+ fxe5 18. Qxe5+ Qe7 19. Qxe7# 1-0

[Event "SUI-ch U10"]
[Site "Kreuzlingen"]
[Date "2016.07.02"]
[Round "6"]
[White "Doetsch Thaler, Nicos"]
[Black "Kostov, Deyan Samuil"]
[Result "0-1"]
[WhiteElo "1460"]
[BlackElo "1693"]
[PlyCount "118"]
[EventDate "2016.06.30"]
[EventType "tourn"]
[EventRounds "7"]
[EventCountry "SUI"]
[SourceTitle "EXT 2017"]
[Source "ChessBase"]
[SourceDate "2016.10.25"]
[SourceVersion "1"]
[SourceVersionDate "2016.10.25"]
[SourceQuality "1"]

1. e4 c5 2. Nf3 e6 3. d4 cxd4 4. Nxd4 Nf6 5. Nc3 Nc6 6. Bg5 Bb4 7. Nxc6 bxc6 8. e5 Qa5 9. Bd2 Qxe5+ 10. Be2 d5 11. 0-0 0-0 12. a3 Be7 13. Re1 Qc7 14. Bd3 Bd6 15. h3 e5 16. Bg5 Be7 17. Bxf6 Bxf6 18. Qd2 Rb8 19. Reb1 Re8 20. Ra2 e4 21. Bf1 d4 22. Ne2 Be6 23. Raa1 e3 24. fxe3 dxe3 25. Qe1 Bxb2 26. Rxb2 Rxb2 27. Qc1 Qb6 28. Kh1 Rb8 29. Nc3 Qd4 30. Nd1 R2b6 31. Nxe3 g6 32. Bd3 Qxa1 33. Qxa1 Rb1+ 34. Qxb1 Rxb1+ 35. Kh2 Ra1 36. Kg3 Rxa3 37. Kf4 a5 38. Ke4 a4 39. Kd4 Ra1 40. Kc3 a3 41. Nc4 Bxc4 42. Bxc4 Rg1 43. Kb3 Rxg2 44. Kxa3 Rxc2 45. Kb3 Rxc4 46. Kxc4 f5 47. Kd4 g5 48. Ke5 f4 49. Ke4 c5 50. Kd5 f3 51. Kxc5 f2 52. Kd5 f1Q 53. Kd4 Qf5 54. h4 gxh4 55. Kc4 h3 56. Kd4 h2 57. Kc4 h1R 58. Kd4 Rh4+ 59. Kc3 Qf3+ 0-1

[Event "SUI-ch U10"]
[Site "Kreuzlingen"]
[Date "2016.06.30"]
[Round "2"]
[White "Doetsch Thaler, Nicos"]
[Black "Spichtig, Elija"]
[Result "0-1"]
[WhiteElo "1460"]
[BlackElo "1495"]
[PlyCount "58"]
[EventDate "2016.06.30"]
[EventType "tourn"]
[EventRounds "7"]
[EventCountry "SUI"]
[SourceTitle "EXT 2017"]
[Source "ChessBase"]
[SourceDate "2016.10.25"]
[SourceVersion "1"]
[SourceVersionDate "2016.10.25"]
[SourceQuality "1"]

1. e4 e5 2. Nf3 Nc6 3. d4 d5 4. Nxe5 dxe4 5. Bb5 Rb8 6. Nxc6 bxc6 7. Bxc6+ Bd7 8. Bxe4 Nf6 9. Nc3 Bb4 10. Qe2 0-0 11. a3 Bxc3+ 12. bxc3 Nxe4 13. Qe3 Re8 14. Qf4 Ng3+ 15. Be3 Nxh1 16. 0-0-0 Qf6 17. Qxc7 Ba4 18. Qxa7 Nxf2 19. Rd2 Ne4 20. Rd3 Qb6 21. Qxb6 Rxb6 22. d5 Rb5 23. c4 Rb7 24. d6 Reb8 25. Kd1 Rb2 26. d7 Bxc2+ 27. Ke1 Bxd3 28. c5 Rb1+ 29. Bc1 Rxc1# 0-1